00467nam a2200181Ia 4500008004100000020001800041245004600059245004400105260001500149260001600164260000900180300001500189300002500204300001000229440003100239440000700270500000800277170705s9999 xx 000 0 und d a9780545273282 aSt. Patrick's day from the black lagoon / cMike Thaler ; illustrated by Jared Lee. aNew York : bScholastic, c2011 a61 pages : bcolor illustration ; c19cm. aBlack lagoon adventures ;  v19 a760